Modern Problems of Estimation of Effectiveness of the State Employees` Labor
Hlavné problémy trhu práce v oblasti verejnej služby ako špecifického segmentu. Súčasnými negatívami sú najmä vysoká fluktuácia a nedostatok vysoko kvalifikovaných pracovníkov, nedostatok zamestnancov s odbornými, praktickými zručnosťami a pokles morálnej kvality zamestnancov. Cieľom práce bolo vyt...
Na minha lista:
| Autor principal: | |
|---|---|
| Outros Autores: | , , , |
| Formato: | Capítulo de Livro |
| Idioma: | inglês |
| Assuntos: | |
| Tags: |
Sem tags, seja o primeiro a adicionar uma tag!
|
MARC
| LEADER | 00000nla a2200000 4500 | ||
|---|---|---|---|
| 001 | 0246975 | ||
| 005 | 20220719070911.8 | ||
| 041 | 0 | |a eng | |
| 044 | |a CZ | ||
| 245 | 1 | 0 | |a Modern Problems of Estimation of Effectiveness of the State Employees` Labor |c Marina V. Rossinskaya, Violetta V. Rokotyanskaya, Aleksandr V. Smetanko, Valery V. Medovy, Galina V. Zelenova |
| 520 | |a Hlavné problémy trhu práce v oblasti verejnej služby ako špecifického segmentu. Súčasnými negatívami sú najmä vysoká fluktuácia a nedostatok vysoko kvalifikovaných pracovníkov, nedostatok zamestnancov s odbornými, praktickými zručnosťami a pokles morálnej kvality zamestnancov. Cieľom práce bolo vytvoriť metódy pre hodnotenie efektívnosti odbornej práce štátnych zamestnancov. | ||
| 610 | 2 | 0 | |a služba verejná |
| 610 | 2 | 0 | |a správa štátna |
| 610 | 2 | 0 | |a správa verejná |
| 610 | 2 | 0 | |a zamestnanci štátni |
| 610 | 2 | 0 | |a efektívnosť práce |
| 610 | 2 | 0 | |a odbornosť |
| 610 | 2 | 0 | |a zručnosti |
| 610 | 2 | 0 | |a morálka pracovná |
| 100 | 1 | |a Rossinskaya, Marina V. | |
| 700 | 1 | |a Rokotyanskaya, Violetta V. | |
| 700 | 1 | |a Smetanko, Aleksandr V. | |
| 700 | 1 | |a Medovy, Valery V. | |
| 700 | 1 | |a Zelenova, Galina V. | |